Guess the President from Facts - Statistics

General Stats
  • This quiz has been taken 19 times
  • The average score is 13 of 19
Answer Stats
Hint Answer % Correct
Longest Living President Jimmy Carter
95%
Heaviest President William Howard Taft
89%
Only 5 feet 4 inches James Madison
84%
Licensed Bartender, and Pro Wrestler Abraham Lincoln
79%
Only President to Never Marry James Buchanan
79%
Smoked 20 Cigars a day Ulysses S. Grant
79%
Won 2 Grammy Awards for, "Best Spoken Word Album." Barack Obama
74%
Nicknamed, "Bubba." Bill Clinton
74%
Skinny Dipped in the Potomac River whilst in office John Quincy Adams
74%
First President to ride in a helicopter Dwight D. Eisenhower
68%
Created Mother's Day Woodrow Wilson
68%
Scared of being buried alive George Washington
63%
First president to have a telephone in the White House Rutherford B. Hayes
63%
First to hire a female staffer for the White House Benjamin Harrison
58%
Had 15 Kids John Tyler
58%
Had pet grizzly bears while in office Thomas Jefferson
58%
Model for Cosmopolitan Gerald Ford
53%
First left-handed president James A. Garfield
53%
First president to have a stepmother Millard Fillmore
47%
No matching quizzes found
Score Distribution
Percent of People with Each Score
Percentile by Number Answered
Your Score History
You have not taken this quiz